| 000 | 00770nam a22002777a 4500 | ||
|---|---|---|---|
| 001 | 0006096 | ||
| 003 | KOHA_MİRAKIL | ||
| 005 | 20260207001510.0 | ||
| 007 | ta | ||
| 008 | 090603b tu |||gr||||#||||0|tur | | ||
| 020 |
_a9757551066 _c0,01 |
||
| 040 |
_aTR-BiSEU _btur _cTR-BiSEU _erda |
||
| 041 | 0 | _atur | |
| 044 | _ctu | ||
| 050 |
_aJA81 _b.S27 [t.y.] |
||
| 100 | 1 | _aSarıca, Murat. | |
| 245 | 1 |
_a100 soruda siyasi düşünce tarihi/ _cMurat Sarıca ; Murat Sarıca. |
|
| 264 | 1 |
_aİstanbul : _bGerçek Yayınevi _c[t.y.] |
|
| 300 | _a222 sayfa | ||
| 336 |
_ametin _btxt _2rdacontent |
||
| 337 |
_aaracısız _bn _2rdamedia |
||
| 338 |
_acilt _bnc _2rdacarrier |
||
| 500 | _aKaynakça var. | ||
| 650 | 0 |
_aSiyaset bilimi--Tarih. _910526 |
|
| 942 |
_2lcc _cBK |
||
| 999 |
_c6077 _d6077 |
||